Maria discepola e maestra (Record n. 37608)

Dettagli MARC
000 -LEADER
fixed length control field 01614nam a22001817a 4500
003 - CONTROL NUMBER IDENTIFIER
control field IT-RoPau
005 - DATE AND TIME OF LATEST TRANSACTION
control field 20220918175936.0
008 - FIXED-LENGTH DATA ELEMENTS--GENERAL INFORMATION
fixed length control field 121205b xxu||||| |||| 00| 0 eng d
040 ## - CATALOGING SOURCE
Transcribing agency IT-RoPau
100 ## - MAIN ENTRY--PERSONAL NAME
Personal name Alberione Giacomo
Fuller form of name Fondatore Famiglia Paolina
9 (RLIN) 19
245 ## - TITLE STATEMENT
Title Maria discepola e maestra
250 ## - EDITION STATEMENT
Edition statement II
260 ## - PUBLICATION, DISTRIBUTION, ETC. (IMPRINT)
Place of publication, distribution, etc. Roma
Name of publisher, distributor, etc. SSP
Date of publication, distribution, etc. 1987
300 ## - PHYSICAL DESCRIPTION
Extent 40 p.
Dimensions 21,5 cm
490 ## - SERIES STATEMENT
Series statement Edizioni Archivio Storico Generale della Famiglia Paolina
Volume/sequential designation I
520 ## - SUMMARY, ETC.
Summary, etc. INDICE<br/><br/>Presentazione<br/><br/>Parte Prima<br/>PER MARIA MAESTRA A GESU' MAESTRO<br/><br/>1. Concetto di Maestro<br/>2. Maria via a Cristo e via di Cristo<br/>3. Maria Maestra<br/><br/>I. MARIA E' VIA :<br/> ESEMPIO DI SANTITA'<br/><br/>1. Conformazione alle virtù di Cristo<br/>2. Il "libro" di tutte le virtù<br/><br/>II. MARIA E' VITA :<br/> EFFICACIA NELLE SUE PREGHIERE<br/><br/>1. La vita di Cristo per mezzo di Maria<br/>2. Maria ci comunica la vita in tre momenti successivi<br/><br/>III. MARIA HA SAPIENZA :<br/> AUTORITA' DEL SUO CONSIGLIO<br/><br/>1. Maria sede della sapienza<br/>2. I più ricchi tesori di scienza<br/><br/>Conclusione: tre applicazioni<br/><br/>Parte seconda<br/>DISCEPOLATO E MAGISTERO DI MARIA<br/><br/>I. MARIA FU DISCEPOLA, POI MAESTRA<br/><br/>1. Prima dell' incarnazione del Figlio di Dio<br/>2. Fu Discepola di Gesù nella vita privata<br/>3. Durante la vita pubblica<br/><br/>II. MARIA FU MAESTRA<br/><br/>1. Maestra e formatrice di Gesù<br/>2. Maria Maestra nella Chiesa<br/><br/>Parte terza<br/>MARIA E IL MAESTRO-EDUCATORE<br/><br/>I. SUL MODELLO DI GESU' E DI MARIA <br/>II. CONSACRAZIONE A MARIA<br/> E FORMAZIONE PAOLINA<br/><br/>1. Consacrazione adel magistero e del discepolato<br/>2. Maria nella formazione paolina<br/><br/>Conclusione<br/><br/>Preghiere a Maria<br/> <br/><br/>
942 ## - ADDED ENTRY ELEMENTS (KOHA)
Source of classification or shelving scheme Dewey Decimal Classification
Koha item type LIBRO
Dati di copia
Withdrawn status Lost status Source of classification or shelving scheme Damaged status Not for loan Home library Current library Date acquired Total Checkouts Full call number Date last seen Price effective from Koha item type
    Dewey Decimal Classification Buone Condizioni Not For Loan PAULUS-BIBLIOTECA PAULUS-BIBLIOTECA 05/12/2012   P A6 05/12/2012 05/12/2012 LIBRO
    Dewey Decimal Classification Buone Condizioni Not For Loan PAULUS-BIBLIOTECA PAULUS-BIBLIOTECA 18/11/2013   P A6 18/11/2013 18/11/2013 LIBRO
CREDITS: SOCIETA' SAN PAOLO Via A.Severo, 58 - ROMA (RM) & PERIODICI SAN PAOLO SRL Via Giotto, 36 MILANO & CISF Via Giotto, 36 MILANO & EDIZIONI SAN PAOLO SRL,  Piazza Soncino, 5 CINISELLO BALSAMO (MI) -- ITALY